1631 1199 1430 1113 1573 1555 1150 1370 1690 1804 1319 1075 1848 1549 1448 1713 1088 1693 1886 1312 1547 1105 1241 2000 1638 1309 1648 1382 1636 1181 1330 1162 1807 1937 1661 1150 1114 1906 1733 1287 1709 1328 1982 1853 1641 1702 1929 1389 1720 1428 1574 1588 1835 1044 1399 1939 1929 1465 1977 1528 1351 1589 1095 1016 1303 1196 1023 1566 1278 1426 1943 1785 1630 1781 1567 1223 1539 1198 1790 1449 1659 1971 1429 1541 1146 1384 1331 1959 1418 1568 1048 1903 1603 1221 1314 1486 1316 1656 1993 BCNSPRNW ULIB Ver.6.0+V

เปลี่ยนเป็นภาษาไทย

Change to English
 แสดงรายละเอียดบรรณานุกรม
  กลับหน้าหลัก

Brief Record : Get Marc (ISO 2709) : E-mail record : QR code < ปิดหน้าต่าง
LEADER : 00000nam 2200000uu 4500
001    13399112482
003     ULIB
008    110818s2551||||th 000 0 tha d
020    9789741110148
050  4 HQ56^bญ242ค 2551
100 0  ญาณาธร เจียรรัตนกุล
245 00 คำถามยอดฮิตในคอลัมน์ถามตอบเรื่องเพศ /^cญาณาธร เจียรรัตนกุล
260    กรุงเทพฯ :^bมูลนิธิสร้างความเข้าใจเรื่องสุขภาพผู้หญิง(สคส.), ^c2551
300    60 หน้า :^bภาพประกอบ ;^c21 ซม.
440  0 รายงานในชุดโครงการวิจัย= การสร้างและจัดการความรู้ด้านเพศวิถี เพศภาวะ และสุขภาพทางเพศ
650  4 เพศศึกษา
650  4 เพศศึกษา^xคำถามและคำตอบ
650  4 อนามัยเจริญพันธุ์
650  4 เพศในโฆษณา
710 2  มหาวิทยาลัยมหิดล. ^bสถาบันวิจัยประชากรและสังคม
710 2  มูลนิธิสร้างความเข้าใจเรื่องสุขภาพผู้หญิง (สคส.)
945    ^p130^l0^i024344
995    ทศพร
999 ^a ทศพร
รายการนี้ยังไม่มีแท็ก
คุณยังไม่ได้ล็อกอิน คุณสามารถมีกิจกรรมร่วมกับเว็บไซต์ได้ แต่ต้องล็อกอินก่อน ::
  ล็อกอิน

รายการสื่อสารสนเทศ

ลำดับที่ ประเภท เลขเรียก/บาร์โค้ด สถานที่ สถานะ
- ไม่พบข้อมูล -

รายการใกล้เคียง
    หัวเรื่อง [เพศศึกษา]
    หัวเรื่อง [อนามัยเจริญพันธุ์]
    หัวเรื่อง [เพศในโฆษณา]

BibComment


ยังไม่เคยถูกคอมเมนท์

คอมเมนท์ทรัพยากรรายการนี้
  คอมเมนท์: คำถามยอดฮิตในคอลั..


 Copyright 2026. Bcnsprnw @Library